Southville International School and Colleges
Your cart is empty.
  • Cart
  • Lists
    Public lists Eva Luna New books Lux_list list_1
    Your lists Log in to create your own lists
  • Log in to your account
  • Your cookies
  • Search history
Southville International School and Colleges
  • Advanced search
  • Recent comments
  • Most popular
  • Libraries

Log in to your account

Log in with GOOGLE


If you do not have an external account, but do have a local account, you can still log in:

  1. Home
  2. MARC view: Where are the customers' yachts?, or, A good hard look at Wall Street /
Normal view MARC view ISBD view

Where are the customers' yachts?, or, A good hard look at Wall Street / (Record no. 245)

[ view plain ]
MARC details
000 -LEADER
fixed length control field 01807cam a2200445 a 4500
001 - CONTROL NUMBER
control field 1126531
003 - CONTROL NUMBER IDENTIFIER
control field SISC
005 - DATE AND TIME OF LATEST TRANSACTION
control field 20160404152652.0
008 - FIXED-LENGTH DATA ELEMENTS--GENERAL INFORMATION
fixed length control field 941021r19951940nyua b 000 0 eng
010 ## - LIBRARY OF CONGRESS CONTROL NUMBER
LC control number 94040815
020 ## - INTERNATIONAL STANDARD BOOK NUMBER
International Standard Book Number 0471119792 (acidfree paper)
020 ## - INTERNATIONAL STANDARD BOOK NUMBER
International Standard Book Number 0471119784 (paper : acidfree paper)
040 ## - CATALOGING SOURCE
Original cataloging agency DLC
Transcribing agency DLC
Modifying agency DLC
043 ## - GEOGRAPHIC AREA CODE
Geographic area code n-us---
050 00 - LIBRARY OF CONGRESS CALL NUMBER
Classification number HG 4572
Item number .Sch35 1995
082 00 - DEWEY DECIMAL CLASSIFICATION NUMBER
Classification number HS 332.64
Item number Sch9 1995
100 1# - MAIN ENTRY--PERSONAL NAME
Personal name Schwed, Fred,
Dates associated with a name 1901 or 2-1966.
9 (RLIN) 12056
245 10 - TITLE STATEMENT
Title Where are the customers' yachts?, or, A good hard look at Wall Street /
Statement of responsibility, etc Fred Schwed, Jr. ; illustrated by Peter Arno.
246 30 - VARYING FORM OF TITLE
Title proper/short title Good hard look at Wall Street
260 ## - PUBLICATION, DISTRIBUTION, ETC. (IMPRINT)
Place of publication, distribution, etc New York :
Name of publisher, distributor, etc Wiley,
Date of publication, distribution, etc c1995.
300 ## - PHYSICAL DESCRIPTION
Extent xxx, 215 p. :
Other physical details ill. ;
Dimensions 23 cm.
440 #0 - SERIES STATEMENT/ADDED ENTRY--TITLE
Title Wiley investment classics
9 (RLIN) 12057
500 ## - GENERAL NOTE
General note Originally published: New York : Simon and Schuster, 1940.
526 ## - STUDY PROGRAM INFORMATION NOTE
Reading level 1110L to 1700L
562 ## - COPY AND VERSION IDENTIFICATION NOTE
Number of copies For circulation. One copy available in the collection.
650 #0 - SUBJECT ADDED ENTRY--TOPICAL TERM
Topical term or geographic name as entry element Stocks.
9 (RLIN) 12058
650 #0 - SUBJECT ADDED ENTRY--TOPICAL TERM
Topical term or geographic name as entry element Investments.
9 (RLIN) 9769
650 #0 - SUBJECT ADDED ENTRY--TOPICAL TERM
Topical term or geographic name as entry element Stocks
Form subdivision Humor.
9 (RLIN) 12059
650 #0 - SUBJECT ADDED ENTRY--TOPICAL TERM
Topical term or geographic name as entry element Investments
Form subdivision Humor.
9 (RLIN) 12060
651 #0 - SUBJECT ADDED ENTRY--GEOGRAPHIC NAME
Geographic name Wall Street (New York, N.Y.)
9 (RLIN) 12061
651 #0 - SUBJECT ADDED ENTRY--GEOGRAPHIC NAME
Geographic name Wall Street (New York, N.Y.)
Form subdivision Humor.
9 (RLIN) 12062
651 #0 - SUBJECT ADDED ENTRY--GEOGRAPHIC NAME
Geographic name Wall Street (New York, N.Y.)
Form subdivision Caricatures and cartoons.
9 (RLIN) 12063
856 42 - ELECTRONIC LOCATION AND ACCESS
Materials specified Contributor biographical information
Uniform Resource Identifier <a href="http://www.loc.gov/catdir/bios/wiley041/94040815.html">http://www.loc.gov/catdir/bios/wiley041/94040815.html</a>
856 42 - ELECTRONIC LOCATION AND ACCESS
Materials specified Publisher description
Uniform Resource Identifier <a href="http://www.loc.gov/catdir/description/wiley032/94040815.html">http://www.loc.gov/catdir/description/wiley032/94040815.html</a>
856 4# - ELECTRONIC LOCATION AND ACCESS
Materials specified Table of Contents
Uniform Resource Identifier <a href="http://www.loc.gov/catdir/toc/onix02/94040815.html">http://www.loc.gov/catdir/toc/onix02/94040815.html</a>
906 ## - LOCAL DATA ELEMENT F, LDF (RLIN)
a 7
b cbc
c orignew
d 1
e ocip
f 19
g y-gencatlg
942 ## - ADDED ENTRY ELEMENTS (KOHA)
Source of classification or shelving scheme Library of Congress Classification
Koha item type Books
Holdings
Withdrawn status Lost status Source of classification or shelving scheme Damaged status Home library Current library Shelving location Date acquired Total Checkouts Full call number Barcode Date last seen Copy number Price effective from Koha item type
    Library of Congress Classification   Luxembourg Library Luxembourg Library High School Section 02/01/2012   HG 4572 .Sch35 1995 11625 06/18/2019 1 10/03/2013 Books

Where are the customers' yachts?, or, A good hard look at Wall Street /

APA

Schwed F., . (1995). Where are the customers' yachts?, or, A good hard look at Wall Street. New York: Wiley.

Chicago

Schwed Fred, . 1995. Where are the customers' yachts?, or, A good hard look at Wall Street. New York: Wiley.

Harvard

Schwed F., . (1995). Where are the customers' yachts?, or, A good hard look at Wall Street. New York: Wiley.

MLA

Schwed Fred, . Where are the customers' yachts?, or, A good hard look at Wall Street. New York: Wiley. 1995.

  • Place hold
  • Print
  • Cite
  • Add to your cart (remove)
  • Save record
    BIBTEX Dublin Core MARCXML MARC (non-Unicode/MARC-8) MARC (Unicode/UTF-8) MARC (Unicode/UTF-8, Standard) MODS (XML) RIS
  • More searches
    Search for this title in:
    Other Libraries (WorldCat) Other Databases (Google Scholar) Online Stores (Bookfinder.com) Open Library (openlibrary.org)

Exporting to Dublin Core...

SOUTHVILLE LIBRARY

Southville International School and Colleges Library

1281 Tropical Ave. Cor. Luxembourg St., BF Homes International, Las Pinas City

Tel. No. 8256374 / 252358 Loc. 117/146

Powered by Koha